Statistics for Texas Counties

Click here to take the quiz!

General Stats

  • This quiz has been taken 14,236 times
    (14,235 since last reset)
  • The average score is 100 of 254

Answer Stats

Population County Seat County % Correct
2,368,139------Dallas
90%
800,647-- ----El Paso
80%
23,732CrockettHouston
74%
4,092,459HoustonHarris
72%
28,417BellvilleAustin
71%
9,044JacksboroJack
65%
38,106BrownwoodBrown
65%
252,273BeaumontJefferson
65%
291,309---------Galveston
64%
33,718BrenhamWashington
64%
1,714,773San AntonioBexar
64%
278,831-------Lubbock
62%
1,024,266AustinTravis
62%
150,934CleburneJohnson
62%
14,075EdnaJackson
59%
1,809,034Fort WorthTarrant
59%
13,664MadisonvilleMadison
57%
21,766WoodvilleTyler
56%
662,614------Denton
56%
110,224San AngeloTom Green
54%
16,612GiddingsLee
54%
136,872-------Midland
53%
209,714TylerSmith
53%
2,342Fort DavisJeff Davis
53%
131,500Wichita FallsWichita
53%
194,851BryanBrazos
52%
81,837------Orange
52%
15,507Fort StocktonPecos
52%
782,341McKinneyCollin
51%
310,235BeltonBell
51%
131,506AbileneTaylor
51%
58,458PalestineAnderson
51%
49,625KerrvilleKerr
49%
10,605Mount VernonFranklin
49%
35,089HillsboroHill
49%
20,874ColumbusColorado
49%
3,719OzonaCrockett
49%
31,861BeevilleBee
49%
65,631MarshallHarrison
48%
92,565BostonBowie
48%
45,413LivingstonPolk
48%
286GuthrieKing
48%
12,860ClarksvilleRed River
47%
14,786-------Andrews
47%
406,220BrownsvilleCameron
47%
9,054Archer CityArcher
47%
455,746ConroeMontgomery
47%
422,679GeorgetownWilliamson
46%
313,166AngletonBrazoria
46%
35,710------Jasper
45%
20,202AnsonJones
45%
340,223Corpus ChristiNueces
45%
23,158RockportAransas
44%
86,129GreenvilleHunt
44%
14,018------Zapata
44%
78,337--------Rockwall
44%
74,171-------Bastrop
44%
82MentoneLoving
44%
86,793--------Victoria
44%
8,517--------Hamilton
44%
250,304LaredoWebb
43%
585,375RichmondFort Bend
43%
19,807--------Gonzales
43%
78,532AthensHenderson
43%
22,535PampaGray
43%
26,405------Uvalde
43%
38,066LockhartCaldwell
43%
13,974--------Comanche
43%
774,769EdinburgHidalgo
43%
64,524-----------Nacogdoches
42%
9,232AlpineBrewster
42%
19,372HerefordDeaf Smith
42%
75,643-------Liberty
42%
116,927WeatherfordParker
42%
86,771LufkinAngelina
42%
929MiamiRoberts
42%
50,845RuskCherokee
42%
131,533SeguinGuadalupe
42%
40,838AliceJim Wells
41%
41,964QuitmanWood
41%
6,131--- ----San Saba
41%
416SaritaKenedy
41%
19,301-----Llano
41%
10,752HenriettaClay
41%
60,968Rio Grande CityStarr
41%
108,472New BraunfelsComal
41%
38,437GainesvilleCooke
41%
157,107San MarcosHays
41%
21,381Port LavacaCalhoun
41%
14,445------Newton
41%
149,610WaxahachieEllis
40%
53,330HendersonRusk
40%
9,996Carrizo SpringsDimmit
40%
42,918FloresvilleWilson
40%
20,485-------Bandera
40%
7,210------Goliad
40%
48,879Del RioVal Verde
39%
121,073AmarilloPotter
39%
7,818MarfaPresidio
39%
234,906WacoMcLennan
39%
5,300HebbronvilleJim Hogg
39%
49,793ParisLamar
39%
26,384ColdspringSan Jacinto
39%
103,350-------Kaufman
39%
11,677Crystal CityZavala
39%
42,750------Burnet
39%
137,130OdessaEctor
39%
120,877ShermanGrayson
38%
10,834HemphillSabine
38%
17,526SeminoleGaines
38%
28,111---- -----Palo Pinto
38%
6,703DalhartDallam
38%
3,034StratfordSherman
38%
35,096AnahuacChambers
38%
30,464LindenCass
38%
12,401PittsburgCamp
38%
10,497Johnson CityBlanco
38%
36,702Bay CityMatagorda
38%
67,861HuntsvilleWalker
38%
24,554La GrangeFayette
38%
54,258Eagle PassMaverick
37%
19,677--------Lampasas
37%
19,263HallettsvilleLavaca
37%
18,583--------Eastland
37%
4,012-----Mason
37%
41,280-------Wharton
37%
7,041---------Childress
37%
43,205HempsteadWaller
37%
14,824------ CityKarnes
37%
54,635KountzeHardin
37%
44,911JourdantownAtascosa
37%
18,550GrahamYoung
37%
59,127DecaturWise
36%
33,915BonhamFannin
36%
3,476Sierra BlancaHudspeth
36%
3,353MemphisHall
36%
10,546JeffersonMarion
36%
16,622FranklinRobertson
36%
37,890StephenvilleErath
36%
23,384GroesbeckLimestone
36%
17,866MarlinFalls
36%
51,182GranburyHood
36%
26,604AndersonGrimes
36%
17,217PearsallFrio
36%
19,816FairfieldFreestone
36%
121,730LongviewGregg
36%
8,865--- ---------San Augustine
36%
52,579CantonVan Zandt
36%
25,448CenterShelby
35%
64,804SintonSan Patricio
35%
6,059CrosbytonCrosby
35%
9,630BreckenridgeStephens
35%
47,735CorsicanaNavarro
35%
12,934DaingerfieldMorris
35%
13,783PecosReeves
35%
21,904DumasMoore
35%
7,383-------Refugio
35%
6,182PanhandleCarson
35%
14,585GrovetonTrinity
35%
33,410BoerneKendall
35%
8,895-------Coleman
35%
11,782San DiegoDuval
35%
6,446FloydadaFloyd
35%
3,726SeymourBaylor
35%
4,799StantonMartin
35%
16,801CentervilleLeon
35%
2,002RockspringsEdwards
34%
18,212MeridianBosque
34%
32,061KingsvilleKleberg
34%
4,375-----Crane
34%
24,837FredericksburgGillespie
34%
7,223FalfurriasBrooks
34%
46,006HondoMedina
34%
11,531George WestLive Oak
34%
13,544BairdCallahan
34%
20,097CueroDeWitt
34%
5,231CooperDelta
34%
35,012Big SpringHoward
34%
7,165MuleshoeBailey
34%
19,719--------Montague
34%
39,309GilmerUpshur
34%
10,914EmoryRains
33%
5,410-------Wheeler
33%
3,320Robert LeeCoke
33%
1,901ClaudeArmstrong
33%
3,367Big LakeReagan
33%
120,725CanyonRandall
33%
32,334Mount PleasantTitus
33%
10,658MonahansWard
33%
24,757CameronMilam
33%
22,134RaymondvilleWillacy
33%
2,398Van HornCulberson
33%
23,796CarthagePanola
33%
36,273PlainviewHale
33%
7,879PlainsYoakum
33%
984SandersonTerrell
32%
17,187CaldwellBurleson
32%
3,807CanadianHemphill
32%
3,719BenjaminKnox
32%
75,388GatesvilleCoryell
32%
35,161Sulphur SpringsHopkins
32%
4,936GoldthwaiteMills
32%
10,223PerrytonOchiltree
32%
13,833LamesaDawson
32%
13,977LittlefieldLamb
31%
15,216SweetwaterNolan
31%
3,302--------Lipscomb
31%
4,607JunctionKimble
31%
1,641------------Throckmorton
31%
9,403Colorado CityMitchell
31%
808JaytonKent
31%
6,461PostGarza
31%
6,886CotullaLa Salle
31%
1,143Sterling CitySterling
31%
7,110KermitWinkler
31%
8,062DimmittCastro
31%
1,599MertzonIrion
31%
10,269FarwellParmer
30%
3,309LeakeyReal
30%
5,915TahokaLynn
30%
8,283BradyMcCulloch
30%
3,598BrackettvilleKinney
30%
22,150StinnettHutchinson
30%
8,490Glen RoseSomervell
30%
12,651BrownfieldTerry
30%
5,899-------Haskell
30%
13,535VernonWilbarger
30%
3,057WellingtonCollingsworth
30%
641GailBorden
29%
3,974RobyFisher
29%
1,226Garden CityGlasscock
29%
1,336CrowellFoard
29%
6,062ChanningHartley
29%
2,242------Menard
29%
2,052VegaOldham
29%
2,444-------Dickens
29%
3,355RankinUpton
29%
707TildenMcMullen
28%
10,501BallingerRunnels
28%
22,935LevellandHockley
28%
4,139QuanahHardeman
28%
4,128SonoraSutton
28%
1,490AspermontStonewall
28%
5,613SpearmanHansford
27%
4,087Paint RockConcho
27%
1,637SilvertonBriscoe
27%
16,921SnyderScurry
27%
7,854TuliaSwisher
27%
1,505PaducahCottle
26%
3,677ClarendonDonley
26%
3,461EldoradoSchleicher
25%
3,127MortonCochran
25%
1,210MatadorMotley
25%
3,378AlbanyShackelford
25%

Score Distribution

Percentile by Number Answered

Percent of People with Each Score

Your Score History

You have not taken this quiz since the last reset